Zamestnanosť v obchodno-podnikateľských službách na Slovensku a v Bratislave

Charakteristika obchodno-podnikateľských služieb. Postavenie obchodno-podnikateľských služieb na Slovensku a v Bratislave. Zamestnanosť v obchodno-podnikateľských službách. Priemerný evidenčný počet zamestnancov podľa ekonomických činností v Bratislave v r. 2006.

Guardado en:
Detalles Bibliográficos
Autor principal: Holubcová, Ivana, 1982-
Formato: Capítulo de libro
Lenguaje:eslovaco
Materias:
Etiquetas: Agregar Etiqueta
Sin Etiquetas, Sea el primero en etiquetar este registro!

MARC

LEADER 00000nla$a2200000$$$4500
001 0101508
005 20221128083656.1
041 0 |a slo 
044 |a SK 
245 1 0 |a Zamestnanosť v obchodno-podnikateľských službách na Slovensku a v Bratislave  |c Ivana Holubcová 
520 |a Charakteristika obchodno-podnikateľských služieb. Postavenie obchodno-podnikateľských služieb na Slovensku a v Bratislave. Zamestnanosť v obchodno-podnikateľských službách. Priemerný evidenčný počet zamestnancov podľa ekonomických činností v Bratislave v r. 2006. 
610 2 0 |a služby obchodné 
610 2 0 |a služby podnikateľské 
610 2 0 |a zamestnanosť 
610 2 0 |a odvetvia činnosti ekonomickej 
610 2 0 |a Slovensko 
100 1 |a Holubcová, Ivana, 1982-